Diputació de Barcelona : manual d'acollida / Diputació de Barcelona. Xarxa de Municipis manual d'acollida / Diputació de Barcelona. Xarxa de Municipis
Publicado:
Barcelona :
la Diputació. Àrea de Govern Local. Direcció dels Serveis de Recursos Humans ,
2006
Descripción Física:
33 p. : il. col. ; 24 cm
MARC
| LEADER | 00000nam a2200000Ia 4500 | ||
|---|---|---|---|
| 001 | 21065 | ||
| 008 | 160829s2006 xx 000 0 cat d | ||
| 080 | |a FU-30-1 | ||
| 110 | 1 | |a Barcelona (Catalunya : Província). |b Diputació |9 52408 | |
| 245 | |a Diputació de Barcelona : |b manual d'acollida / Diputació de Barcelona. Xarxa de Municipis | ||
| 260 | |a Barcelona : |b la Diputació. Àrea de Govern Local. Direcció dels Serveis de Recursos Humans, |c 2006 | ||
| 300 | |a 33 p. : |b il. col. ; |c 24 cm | ||
| 650 | |a Reglament interior |9 43077 | ||
| 650 | |a Barcelona. Diputació |x Personal |9 43078 | ||
| 710 | 1 | |a Barcelona (Catalunya : Província). |b Direcció dels Serveis de Recursos Humans |9 52859 | |
| 901 | |a Arxiu | ||
| 942 | |n 1 | ||
| 952 | |0 0 |1 0 |4 0 |6 FU301 |7 1 |9 51158 |a Arxiu |b Arxiu |d 2016-12-01 |l 0 |o FU-30-1 |p 21065 |r 2016-12-01 00:00:00 |w 2016-12-01 |y ARXIU | ||
| 999 | |c 55001 |d 55001 | ||